How to write business letters

Bibliographic Details
Main Author: Shah, Gaurav
Format: Book
Published: New Delhi : Lotus Press , 2014
Subjects:

MARC

LEADER 00000cam a2200000 7i4500
001 0000047698
005 20150524.0
008 150524
020 |a 9788183821872 
090 0 0 |a 651.75   |b SHA 
100 1 |a Shah, Gaurav 
245 1 0 |a How to write business letters   |c Gaurav Shah 
260 |a New Delhi :   |b Lotus Press ,   |c 2014 
300 |a CD included 
650 0 |a Commercial correspondence   |x Juvenile literature 
999 |a 0001350431   |b Book   |c Adult Collection   |e Cawangan Bukit Gambir 
999 |a 0001350433   |b Book   |c Adult Collection   |e Cawangan Taman Sri Lambak 
999 |a 0001350434   |b Book   |c Adult Collection   |e Cawangan Bandar Penawar 
999 |a 0001350435   |b Book   |c Adult Collection   |e Cawangan Bandar Tenggara 
999 |a 0001350437   |b Book   |c Adult Collection   |e Cawangan Sri Merlong 
999 |a 0001350438   |b Book   |c Adult Collection   |e Cawangan Segamat 
999 |a 0001350439   |b Book   |c Adult Collection   |e Cawangan Mersing 
999 |a 0001350440   |b Book   |c Adult Collection   |e Cawangan Tmn. Ungku Tun Aminah 
999 |a 0001350441   |b Book   |c Adult Collection   |e Cawangan Tangkak 
999 |a 0001350442   |b Book   |c Adult Collection   |e Cawangan Batu Pahat 
999 |a 0001351432   |b Book   |c Adult Collection   |e Cawangan Pontian 
999 |a 0001351559   |b Book   |c Adult Collection   |e Perbadanan Perpustakaan Awam Johor 
999 |a 0001351560   |b Book   |c Adult Collection   |e Cawangan Urban Transformation Centre 
999 |a CD01350433   |b CD-ROM   |c Adult Collection   |e Cawangan Taman Sri Lambak 
999 |a CD01350435   |b Laser CD   |c REFERENCE   |e Cawangan Bandar Tenggara 
999 |a CD01350440   |b Laser CD   |c REFERENCE   |e Cawangan Tmn. Ungku Tun Aminah 
999 |a CD01351559   |b Laser CD   |c REFERENCE   |e Perbadanan Perpustakaan Awam Johor 
999 |a CD01351560   |b Laser CD   |c REFERENCE   |e Cawangan Urban Transformation Centre